00306 a2200097 4500001001000000005001700010008004100027245007300068100002000141773004700161ART_5790220260410162050.0260409a 10aImpuesto a la transferencia de inmuebles: beneficiarios del exterior1 aCarbone, Sergio0 tImpuestosg- N° 142 (feb. 2023)wREV45175